000 00866nac a22002897a 4500
001 BR9206329
003 BR-BrBNA
005 20240105121243.0
008 230509b bl.|||m| |||| 00| 0 por d
040 _aBR-BrBNA
_bpor
_cBiblioteca Nacional de Agricultura
072 _aF01
090 _a2480 BR9206329
100 1 _aSampaio, C.E.S.
100 1 _aBcchiega, A. de N.
100 1 _aAlmeida, J.E.S.R. de
110 1 _aCoordenadoria de Assistencia Tecnica Integral, Campinas, SP (Brasil)
245 1 _aSangria da seringueira
260 3 _aCampinas, SP (Brasil):
_c1991.
300 _a47 p.
490 _aManual - Coordenadoria de Assistencia Tecnica Integral (Brazil)
_vno. 30
_x
500 _a22 illus.
650 _aSERINGUEIRA
650 _aSANGRIA
650 _aLATEX
909 _a202312
_bLúcia Elande
_c55
_dLúcia Elande
942 _2AGRIS
_n0
_cMS
999 _c284223
_d284223